000 nam a22 7a 4500
999 _c10540
_d10540
008 180219b ||||| |||| 00| 0 eng d
100 _aAnand,S.etal.
_96448
245 _aHarmony-4
260 _aNew Delhi
_c2011